Médaille d'or Francaise au JO 2024 - Statistiques

Statistiques générales
  • Ce quiz a été pris 39 fois
  • Le résultat moyen est 7 sur 12
Statistiques - réponses
nombre de medaille d'or remportée sport % Correct
4 Natation
88%
2 Judo
82%
1 rugby
79%
1 Volleyball
68%
1 escrime
65%
1 BMX Racing
53%
1 canoë slalom
47%
1 surf
47%
1 VTT
47%
1 Cyclisme sur piste
41%
1 Triathlon
41%
1 Taekwondo
29%
Aucun quiz correspondant
Distribution des résultats
% des personnes avec chaque résultat
Percentile par nombre de réponses
Votre historique - résultats
Vous n’avez pas pris ce quiz